000 00454nam a22001817a 4500
003 MPLRDC
005 20220104144042.0
008 210129b ||||| |||| 00| 0 eng d
082 _a490.99 HILL
100 _aMICHAEL J. RITT, JR., KIRK LANDERS著
245 _a拿破仑. 希尔传
_c
250 _a初版
260 _a
_b世茂出版社
_c1997
300 _b
490 _a生活大学. A36
650 _a企业家
942 _cBK
_o490.99 HILL
999 _c45918
_d45908